LEADER 08765oam 2200505 450 001 9910437780603321 005 20190911103512.0 010 $a1-4614-7588-0 024 7 $a10.1007/978-1-4614-7588-0 035 $a(OCoLC)864014386 035 $a(MiFhGG)GVRL6VTS 035 $a(EXLCZ)993710000000024277 100 $a20130822d2013 uy 0 101 0 $aeng 135 $aurun|---uuuua 181 $ctxt 182 $cc 183 $acr 200 10$aCauses, impacts and solutions to global warming /$fIbrahim Dincer, Can Ozgur Colpan, Fethi Kadioglu, editors 205 $a1st ed. 2013. 210 1$aNew York :$cSpringer,$d2013. 215 $a1 online resource (xviii, 1183 pages) $cillustrations (some color) 225 0 $aGale eBooks 300 $aDescription based upon print version of record. 311 $a1-4614-7587-2 320 $aIncludes bibliographical references and index. 327 $aPart. 1.Causes and Impacts -- Vegetation at Northern High Latitudes under Global Warming -- Exceptionally hot summers months in Central and Eastern Europe during the years 1951-2010 -- Spatial Correlations and Distributions of Heating and Cooling Degree-day Normals in Turkey -- Use of Empirical Regression and Artificial Neural Network Models for Prediction of Global Solar Radiation in Dubai, UAE -- Turkish Water Foundation Climate Change Downscaling Model Principles -- Climate Change Expectations in the Next Half Century of Turkey -- Environmental pollution by organic contaminants as the contributors of the global warming -- Assessment of Vulnerability to Climate Change Using Indicators: Methodological Challenges -- Investigating the Climate Change Impacts On The Water Resources Of The Konya Closed Basin Area (Turkey) Using Satellite Remote Sensing Data -- Trend Analysis of Rainfall in North Cyprus -- Forecasting Tropical Storms in the Eastern Region of the United Arab Emirates: Lessons Learnt from Gonu -- Future Challenges in Urban Drainage Systems under Global Warming -- Preliminary analysis on phenological data of plants in an urban environment -- Impacts of Climate Change on Cereal Production in the Setif High Plains (North-East of Algeria) -- Environmental Impact of Soil Microorganisms on Global Change -- Environmental Consciousness of Local People of Yakutia under Global Climate Change -- Environmental Impact Assessment of Explosive Volcanoes: A Case Study -- Probabilistic Health Risk Assessment of PCDD/Fs in Vegetable Foods at Highly Polluted Area in Turkey -- Selenium Adsorption on Activated Carbon by Using Radiotracer Technique -- Teaching the carbon cycle using IBL in the secondary schools -- BTEX in the exhaust emissions of motor vehicles -- Construction Criteria for the Sustainable Ecosystem -- Part 2. Potential Solutions -- An Approach to Assessment of Sustainability of Energy Systems -- Comparative Environmental Impact and Sustainability Assessments of Hydrogen and Cooling Production Systems -- Integration of Cu-Cl Cycle of Hydrogen Production With Nuclear and Renewable Energy Systems For Better Environment -- Comparative Environmental Impact Assessment of Nuclear-Based Hydrogen Production via Mg-Cl and Cu-Cl Thermochemical Water Splitting Cycles -- Large Scale Photo-reactors for Environmentally-Benign Solar Hydrogen Production -- Comparative Environmental Impact Evaluation of Hydrogen Production Methods from Renewable and Non-Renewable Sources -- Current Status of Fabrication of Solid Oxide Fuel Cells for Emission-free Energy Conversion -- Algae, Biofuels and Modeling -- Assessment of Sewage Sludge Potential from Municipal Wastewater Treatment Plants for Sustainable Biogas and Hydrogen Productions in Turkey -- Possibilities of Improving the Bioethanol Production from Corn Meal by Yeast Saccharomyces cerevisiae var. ellipsoideus -- Utilizing Bamboo Biochar for Carbon Sequestration and Local Economic Development -- The Integrated Solid Waste Management System: Its Implementation and Impacts Towards The Environment -- Modeling Anaerobic Digestion Process for Grass Silage After Beating Treatment Using Design of Experiment -- Biogas Potential of Animal Wastes for Electricity Generation in Ardahan City of Turkey -- Clean Technology for Volatile Organic Compound Removal from Wastewater -- Comparison of Thermal Properties and Kinetics of Selected Waste Wood Samples in Two Different Atmospheres -- Reducing Global Warming By Process Integration -- Environmental impact assessments of integrated multigeneration energy systems -- Integrated Renewable Energy Based Systems for Reduced Greenhouse Gas Emissions -- Exergetic and Environmental Impact Assessment of an Integrated System for Utilization of Excess Power from Thermal Power Plant -- Exergy Analysis and Environmental Impact Assessment of a Geothermal Power Plant -- Exergy Analysis and Environmental Impact Assessment of Solar Driven Heat Pump Drying Systems -- Regional Energy Planning Tool for Renewable Integrated Low-Energy District Heating Systems ? Environmental Assessment -- Exergy Analysis and Environmental Impact Assessment of Using Various Refrigerants for Hybrid Electric Vehicle Thermal Management Systems -- Green Building Approach in Turkish Aviation Sector -- Assessment of energy efficiencies and environmental impacts of Railway and Bus Transportation Options -- A Change in the Transportation Needs Today, a Better Future for Tomorrow ? Climate Change Review -- Emission Analysis of a Commercial Aircraft for Different Ranges -- Effect of Cavitation in Ships on the Environment -- Effective Ship Ballast Water Treatment System Management -- Coal as a component of Sustainable Energy portfolio -- Adsorption Capacity, Towards Carbon Dioxide, of A Chemically Activated Coal -- Integrated Coal Power Plant and Cu-Cl water splitting cycle for Greenhouse Gases Reduction -- Potential Methods for Converting Coal into Gasification Products for Reduced Global Warming -- Experimental and Theoretical Analysis of Evapotranspiration in Green Roof Systems -- New Parameters for Reduction of Heating Based Greenhouse Gas Emissions:  A Case Study -- Environmental Impact Assessment of Building Energy Systems -- Environmental Impact Assessment of Various Energy Storage Options for Buildings -- Comparative Environmental Impact Assessment of Residential HVAC Systems -- Comparative Assessment of Costs and CO2 Emissions for Various Residential Energy Options. 330 $aThis book covers all aspects of global warming including its causes, impacts, and engineering solutions. This book also focuses on energy management and conservation strategies for better utilization of energy sources and technologies in various sectors, ranging from industrial to residential as well as transportation. It provides ways of improving energy efficiency at the end use. In order to reduce the negative effects of global warming due to excessive use of fossil fuel technologies, the following alternative technologies are introduced from the engineering perspective: fuel cells, solar power generation technologies, energy recovery technologies, hydrogen energy technologies, wind energy technologies, geothermal energy technologies, and biomass energy technologies. These technologies are presented in detail with novel ideas, modeling studies, systems development, case studies, illustrative examples, pilot and large-scale applications, and many more as what makes this book a unique and special one. This book also: Covers all the aspects of global warming from its causes and impacts, to engineering solutions Presents green technologies in detail, including case studies Discusses energy and environment policies and strategies to reduce the effects of global warming Offers substantial views and assessment criteria and parameters for sustainable development Brings us some potential life cycle assessment tools for cradle to grave type analyses Uses exergy analysis as a key methodological tool for system design, analysis, assessment and improvement Causes, Impacts and Solutions to Global Warming is an ideal book for students, lecturers, researchers, scientists, engineers, and policy makers interested in more in-depth information on global warming.  . 606 $aGlobal warming$vCongresses 615 0$aGlobal warming 676 $a338.927 676 $a551.6 676 $a621.042 686 $aAR 14900$2rvk 686 $aRB 10438$2rvk 702 $aDincer$b Ibrahim$f1964- 702 $aColpan$b Can Ozgur 702 $aKadioglu$b Fethi 712 12$aGlobal Conference on Global Warming 801 0$bMiFhGG 801 1$bMiFhGG 906 $aBOOK 912 $a9910437780603321 996 $aCauses, Impacts and Solutions to Global Warming$92201481 997 $aUNINA LEADER 05877nam 22008895 450 001 9910483766803321 005 20250306055231.0 010 $a9786613561060 010 $a9781280383144 010 $a1280383143 010 $a9783642032462 010 $a364203246X 024 7 $a10.1007/978-3-642-03246-2 035 $a(CKB)1000000000772852 035 $a(SSID)ssj0000316341 035 $a(PQKBManifestationID)11285837 035 $a(PQKBTitleCode)TC0000316341 035 $a(PQKBWorkID)10275550 035 $a(PQKB)11357780 035 $a(DE-He213)978-3-642-03246-2 035 $a(MiAaPQ)EBC3064433 035 $a(PPN)13995077X 035 $a(EXLCZ)991000000000772852 100 $a20100301d2009 u| 0 101 0 $aeng 135 $aurnn#008mamaa 181 $ctxt 182 $cc 183 $acr 200 10$aArtificial Immune Systems $e8th International Conference, ICARIS 2009, York, UK, August 9-12, 2009, Proceedings /$fedited by Paul S. Andrews, Jon Timmis, Nick D. L. Owens, Uwe Aickelin, Emma Hart, Andrew Hone, Andy Tyrrell 205 $a1st ed. 2009. 210 1$aBerlin, Heidelberg :$cSpringer Berlin Heidelberg :$cImprint: Springer,$d2009. 215 $a1 online resource (XI, 343 p.) 225 1 $aTheoretical Computer Science and General Issues,$x2512-2029 ;$v5666 300 $aBibliographic Level Mode of Issuance: Monograph 311 08$a9783642032455 311 08$a3642032451 320 $aIncludes bibliographical references and index. 327 $aImmune System Modeling -- Agent Based Modeling of Lung Metastasis-Immune System Competition -- Using UML to Model EAE and Its Regulatory Network -- Non-deterministic Explanation of Immune Responses: A Computer Model -- Dendritic Cell Trafficking: From Immunology to Engineering -- A Hybrid Agent Based and Differential Equation Model of Body Size Effects on Pathogen Replication and Immune System Response -- Nonself Detection in a Two-Component Cellular Frustrated System -- Questions of Function: Modelling the Emergence of Immune Response -- Object-Oriented Refactoring of Existing Immune Models -- Mathematical Model of HIV Superinfection and Comparative Drug Therapy -- Theoretical Aspects of Artificial Immune Systems -- Exploration of the Dendritic Cell Algorithm Using the Duration Calculus -- On AIRS and Clonal Selection for Machine Learning -- A Theoretical Analysis of Immune Inspired Somatic Contiguous Hypermutations for Function Optimization -- Comparing Different Aging Operators -- Efficient Algorithms for String-Based Negative Selection -- T Cell Receptor Signalling Inspired Kernel Density Estimation and Anomaly Detection -- Applied Artificial Immune Systems -- An Immuno-engineering Approach for Anomaly Detection in Swarm Robotics -- An Immune-Inspired Approach to Qualitative System Identification of the Detoxification Pathway of Methylglyoxal -- Application of AIS Based Classification Algorithms to Detect Overloaded Areas in Power System Networks -- Artificial Immune System Applied to the Multi-stage Transmission Expansion Planning -- Immune Learning in a Dynamic Information Environment -- Unsupervised Structure Damage Classification Based on the Data Clustering and Artificial Immune Pattern Recognition -- A Sense of ?Danger? for Windows Processes -- An Immunity Inspired Real-TimeCooperative Control Framework for Networked Multi-agent Systems -- Managing Diversity on an AIS That Solves 3-Colouring Problems -- An Error Propagation Algorithm for Ad Hoc Wireless Networks -- Grammar-Based Immune Programming for Symbolic Regression -- A New Algorithm Based on Negative Selection and Idiotypic Networks for Generating Parsimonious Detector Sets for Industrial Fault Detection Applications -- Parametric Modelling of a Flexible Plate Structure Using Artificial Immune System Algorithm -- A Hybrid Approach for Learning Concept Hierarchy from Malay Text Using GAHC and Immune Network -- An Immune Inspired Algorithm for Solving Dynamic Vehicle Dispatching Problem in a Port Container Terminal. 330 $aThis book constitutes the refereed proceedings of the 8th International Conference on Artificial Immune Systems, ICARIS 2009, held in York, United Kingdom, in August 2009. The 30 revised full papers presented were carefully reviewed and selected from 55 submissions. The papers are organized in topical sections on immune system modelling, theoretical aspects of artificial immune systems, and applied artificial immune systems. . 410 0$aTheoretical Computer Science and General Issues,$x2512-2029 ;$v5666 606 $aComputer science 606 $aArtificial intelligence 606 $aAlgorithms 606 $aData mining 606 $aInformation storage and retrieval systems 606 $aBioinformatics 606 $aTheory of Computation 606 $aArtificial Intelligence 606 $aAlgorithms 606 $aData Mining and Knowledge Discovery 606 $aInformation Storage and Retrieval 606 $aComputational and Systems Biology 615 0$aComputer science. 615 0$aArtificial intelligence. 615 0$aAlgorithms. 615 0$aData mining. 615 0$aInformation storage and retrieval systems. 615 0$aBioinformatics. 615 14$aTheory of Computation. 615 24$aArtificial Intelligence. 615 24$aAlgorithms. 615 24$aData Mining and Knowledge Discovery. 615 24$aInformation Storage and Retrieval. 615 24$aComputational and Systems Biology. 676 $a004.0151 686 $aDAT 718f$2stub 686 $aSS 4800$2rvk 701 $aAndrews$b Paul S$01760404 712 12$aICARIS 2009 801 0$bMiAaPQ 801 1$bMiAaPQ 801 2$bMiAaPQ 906 $aBOOK 912 $a9910483766803321 996 $aArtificial immune systems$94199368 997 $aUNINA